Statistics for Best Seinfeld Quotes Quiz

Click here to take the quiz!

General Stats

  • This quiz has been taken 2,880 times
    (2,876 since last reset)
  • The average score is 13 of 15

Answer Stats

CharacterQuoteAnswer% Correct
Soup NaziNo ____ for you!soup
100%
JerryI'm not gay. Not that there's anything _____ with that.wrong
99%
Frank CostanzaIt's Christmas for some, a Festivus for the rest of __!us
97%
GeorgeJerry, just remember, it's not a lie if you _______ it.believe
96%
Jerry
(about his date)
She had man _____!hands
96%
GeorgeMy name is George. I'm unemployed and I live with my ______.parents
96%
JerryBut are you still master of your ______?domain
93%
JerryHe's a male _____. He's a mimbo!bimbo
90%
Elaine
(in bathroom stall)
Can you spare a ______?square
90%
GeorgeThe ___ was angry that day, my friends, like an old man trying to send back soup at a deli!sea
87%
ElaineI've ____ yada'd sex.yada
86%
Kenny BaniaWhy do they call it ________? The mug is round. The jar is round. They should call it Roundtine.Ovaltine
79%
GeorgeYou can stuff your sorries in a ____, mister!sack
74%
Bob (AIDS walk participant)Bob: Who?! Who does not want to wear the ______?!ribbon
73%
Lloyd Braun________ now, insanity later.Serenity
68%

Score Distribution

Percentile by Number Answered

Percent of People with Each Score

Your Score History

You have not taken this quiz since the last reset